Normal view MARC view

Entry Personal Name

Number of records used in: 2

001 - CONTROL NUMBER

  • control field: 80344

003 - CONTROL NUMBER IDENTIFIER

  • control field: dpl

005 - DATE AND TIME OF LATEST TRANSACTION

  • control field: 20250404154225.0

008 - FIXED-LENGTH DATA ELEMENTS

  • fixed length control field: 250404|| aca||aabn | a|a d

040 ## - CATALOGING SOURCE

  • Original cataloging agency: dpl
  • Transcribing agency: dpl

100 ## - HEADING--PERSONAL NAME

  • Personal name: सिंह,शरद

670 ## - SOURCE DATA FOUND

  • Source citation: Work cat.: (dpl)148901: सिंह,शरद, राष्ट्रवादी व्यक्तित्व दीनदयाल उपाध्याय /, 2017

© Delhi Public Library
Hit Counter
free hit counter